<?xml version="1.0" encoding="UTF-8"?>
<record
    xmlns:xsi="http://www.w3.org/2001/XMLSchema-instance"
    xsi:schemaLocation="http://www.loc.gov/MARC21/slim http://www.loc.gov/standards/marcxml/schema/MARC21slim.xsd"
    xmlns="http://www.loc.gov/MARC21/slim">

  <leader>00775nam a22001817a 4500</leader>
  <controlfield tag="003">OSt</controlfield>
  <controlfield tag="005">20120303103526.0</controlfield>
  <controlfield tag="008">110520t        xxu||||| |||| 00| 0 eng d</controlfield>
  <datafield tag="040" ind1=" " ind2=" ">
    <subfield code="c">&#x935;&#x93F;&#x926;&#x94D;&#x92F;&#x93E; &#x92A;&#x94D;&#x930;&#x938;&#x93E;&#x930;&#x915; &#x92E;&#x902;&#x921;&#x933;, &#x920;&#x93E;&#x923;&#x947; </subfield>
  </datafield>
  <datafield tag="100" ind1=" " ind2=" ">
    <subfield code="a">&#x92C;&#x947;&#x921;&#x947;&#x915;&#x930;, &#x935;&#x93F;&#x91C;&#x92F; &#x935;&#x93E;.</subfield>
  </datafield>
  <datafield tag="245" ind1=" " ind2=" ">
    <subfield code="a">&#x967;&#x96C;&#x96D; &#x938;&#x927;&#x94D;&#x926;&#x930;&#x94D;&#x92E; - &#x924;&#x94D;&#x930;&#x948;&#x92E;&#x93E;&#x938;&#x93F;&#x915; : &#x90F;&#x92A;&#x94D;&#x930;&#x93F;&#x932; &#x968;&#x966;&#x967;&#x967;</subfield>
  </datafield>
  <datafield tag="260" ind1=" " ind2=" ">
    <subfield code="a">&#x920;&#x93E;&#x923;&#x947; </subfield>
    <subfield code="b">&#x905;&#x928;&#x902;&#x924; &#x935;&#x93F;&#x928;&#x93E;&#x92F;&#x915; &#x927;&#x94B;&#x930;&#x947; </subfield>
    <subfield code="c">&#x968;&#x966;&#x967;&#x967; </subfield>
  </datafield>
  <datafield tag="300" ind1=" " ind2=" ">
    <subfield code="a">&#x969;&#x96A;</subfield>
  </datafield>
  <datafield tag="520" ind1=" " ind2=" ">
    <subfield code="a">&#x92C;&#x947;&#x921;&#x947;&#x915;&#x930;, &#x935;&#x93F;&#x91C;&#x92F; &#x935;&#x93E;.</subfield>
  </datafield>
  <datafield tag="700" ind1=" " ind2=" ">
    <subfield code="a">&#x92C;&#x947;&#x921;&#x947;&#x915;&#x930;, &#x935;&#x93F;&#x91C;&#x92F; &#x935;&#x93E;.</subfield>
  </datafield>
  <datafield tag="856" ind1=" " ind2=" ">
    <subfield code="u">http://dspace.vpmthane.org:8080/jspui/bitstream/123456789/1545/1/167SaddharamApril2011.pdf</subfield>
  </datafield>
  <datafield tag="942" ind1=" " ind2=" ">
    <subfield code="2">ddc</subfield>
    <subfield code="c">EJOURNAL</subfield>
  </datafield>
  <datafield tag="999" ind1=" " ind2=" ">
    <subfield code="c">836664</subfield>
    <subfield code="d">836661</subfield>
  </datafield>
  <datafield tag="952" ind1=" " ind2=" ">
    <subfield code="0">0</subfield>
    <subfield code="1">0</subfield>
    <subfield code="2">ddc</subfield>
    <subfield code="4">0</subfield>
    <subfield code="7">0</subfield>
    <subfield code="a">VPMDIGI</subfield>
    <subfield code="b">VPMDIGI</subfield>
    <subfield code="d">2011-05-20</subfield>
    <subfield code="l">0</subfield>
    <subfield code="p">VPMDIGI-JN328</subfield>
    <subfield code="r">2011-05-20 00:00:00</subfield>
    <subfield code="u">http://dspace.vpmthane.org:8080/jspui/bitstream/123456789/1545/1/167SaddharamApril2011.pdf</subfield>
    <subfield code="w">2011-05-20</subfield>
    <subfield code="y">EJOURNAL</subfield>
  </datafield>
</record>
